LEADER 01081cam2-2200349---450- 001 990005120790403321 005 20080620112225.0 010 $a3-579-00609-6 035 $a000512079 035 $aFED01000512079 035 $a(Aleph)000512079FED01 035 $a000512079 100 $a19990604d1996----km-y0itay50------ba 101 0 $ager 102 $aDE 105 $ay-------00-y- 200 1 $aVier erbauliche Reden 1844$aDrei Reden bei gedachten Gelegenheiten 1845$fSoren Kierkegaard 205 $a2. Auf. 210 $aGütersloh$cGütersloher Verl. Gerd Mohn$d1996 215 $a227 p.$d18 cm 225 1 $aGütersloher Taschenbüher$v609 461 0$1001000412987$12001$aGesammelte Werke$v13/14 676 $a199 700 1$aKierkegaard,$bSøren$f<1813-1855>$0385743 801 0$aIT$bUNINA$gRICA$2UNIMARC 901 $aBK 912 $a990005120790403321 952 $aP.1 8V KIER 5 (8)$bBibl. 22995$fFLFBC 959 $aFLFBC 996 $aVier erbauliche Reden 1844$9534505 996 $aDrei Reden bei gedachten Gelegenheiten 1845$9534506 997 $aUNINA LEADER 01088nam0 22002771i 450 001 MIL0555793 005 20231121125550.0 100 $a20140723f ||||0itac50 ba 101 | $aeng 102 $aun 181 1$6z01$ai $bxxxe 182 1$6z01$an 200 1 $a˜The œtaxes in grain in Ptolemaic Egypt$ea study of the receipts issued from the granary of Diospolis Magna during the years 164 to 88 BC$ea dissertation ...$fZola Marie Packman 210 $a[S.l.]$c[s.n.]$d19.. 215 $a186 p 300 $aManufatto interno. 676 $a930$9Storia del mondo antico, fino al 499 ca.$v22 700 1$aPackman$b, Zola M.$3SBLV301422$4070$0173111 801 3$aIT$bIT-01$c20140723 850 $aIT-FR0017 899 $aBiblioteca umanistica Giorgio Aprea$bFR0017 $eN 912 $aMIL0555793 950 0$aBiblioteca umanistica Giorgio Aprea$d 52S.SIJ. M Tax.Pac.$e 52BUN0000008165 VMB RS Fondo originale Sijpesteijn$fA $h20140723$i20140723 977 $a 52 996 $aTaxes in grain in Ptolemaic Egypt$9742188 997 $aUNICAS